| 000 | 00433nam a22001697a 4500 | ||
|---|---|---|---|
| 999 |
_c11900 _d11900 |
||
| 008 | 210114b ||||| |||| 00| 0 eng d | ||
| 020 | _a0333192265 | ||
| 082 | 0 | 0 |
_a621.4021 _bB7888 |
| 100 |
_92100 _aBoxer, G. |
||
| 245 | 1 | 0 |
_aExamples in engineering thermodynamics _cBy G. Boxer |
| 250 | _a1st ed. | ||
| 260 |
_aLondon _bMacMillan _c1976 |
||
| 300 | _axxii,148 p. | ||
| 365 | _d31.50 | ||
| 650 | 0 | _aThermodynamics | |
| 942 | _cBK | ||